LEADER 01357nam 2200385z- 450 001 9910693670003321 005 20241218121744.0 035 $a(CKB)3780000000256765 035 $a(DcWaBHL)78809 035 $a(EXLCZ)993780000000256765 100 $a20240129c2002uuuu -u- - 101 0 $aeng 200 12$aA comparison of two estimates of standard error for a ratio-of-means estimator for a mapped-plot sample design in Southeast Alaska 210 1$aPortland, OR$cU.S. Dept. of Agriculture, Forest Service, Pacific Northwest Research Station$d2002 215 $a1 online resource 606 $aBootstrap (Statistics) 606 $aError analysis (Mathematics) 606 $aEstimation theory 606 $aForest surveys 606 $aForests and forestry 606 $aInternet resource 606 $aStatistical methods 610 5$aAlaska, Southeast 615 4$aBootstrap (Statistics) 615 4$aError analysis (Mathematics) 615 4$aEstimation theory 615 4$aForest surveys 615 4$aForests and forestry 615 4$aInternet resource 615 4$aStatistical methods 801 0$bORU 906 $aBOOK 912 $a9910693670003321 996 $aA comparison of two estimates of standard error for a ratio-of-means estimator for a mapped-plot sample design in Southeast Alaska$94446465 997 $aUNINA